[Event "110th Anniversary WIM 2020"]
[Site "Hilleroed"]
[Date "2020.02.15"]
[Round "9.2"]
[White "Baliuniene, Margarita"]
[Black "Nastase, Andreea-Cristina"]
[Result "1-0"]
[WhiteElo "1982"]
[BlackElo "2090"]
[Annotator "NA"]
[PlyCount "71"]
[EventDate "2020.02.08"]
[EventType "tourn"]
[EventCountry "DEN"]
[SourceTitle "playchess.com"]
[Source "ChessBase"]
[SourceQuality "1"]
[TimeControl "40/5400+30:1800+30"]

{[%evp 8,66,34,13,13,19,10,10,11,0,-1,-6,-13,-31,-19,-26,-17,-16,-12,-35,-23,-25,-31,-35,-33,-29,-31,-32,0,-39,-27,-136,-45,-127,-65,-86,-74,-92,-125,-397,-418,-560,-12,-14,77,63,79,82,87,126,146,157,225,32767,306,297,32767,395,32767,457,524]} 1. d4 {[%emt 0:00:00]} d5 {[%emt 0:00:00]} 2. c4 {[%emt 0:00:00]} c6 {[%emt 0:00:00]} 3. e3 {[%emt 0:00:00]} Nf6 {[%emt 0:00:00]} 4. Nc3 {[%emt 0:00:37]} e6 {[%emt 0:00:31]} 5. Nf3 {[%emt 0:00:20]} Nbd7 {[%emt 0:00:09]} 6. Bd3 {[%emt 0:00:35]} dxc4 {[%emt 0:00:54]} 7. Bxc4 {[%emt 0:00:06]} b5 {[%emt 0:00:19]} 8. Bd3 {[%emt 0:00:04]} a6 {[%emt 0:00:04]} 9. O-O {[%emt 0:00:21]} c5 {[%emt 0:00:53]} 10. b3 {[%emt 0:00:50]} Bb7 {[%emt 0:01:57]} 11. Bb2 {[%emt 0:00:45]} Bd6 {[%emt 0:02:05] D48: Semi-Slav: Meran System: 7...b5 8 Bd3 a6.} 12. Rc1 {[%emt 0:03:12]} O-O {[%emt 0:00:55]} 13. Qe2 {[%emt 0:04:10]} cxd4 {[%emt 0:19:09]} 14. exd4 {[%emt 0:02:16] [#]} Nb6 $146 {[%emt 0:05:06]} ({Predecessor:} 14... Ra7 15. Ng5 Bf4 16. Nxe6 fxe6 17. Qxe6+ Kh8 18. Rce1 Qc7 19. Ba3 Qxc3 20. Bxf8 Nxf8 {0-1 (27) Hansen,O-Adnoy,H (2185) Oslo 2001}) 15. Ne5 {[%emt 0:04:48]} Nbd5 {[%emt 0:02:47]} 16. Nxd5 {[%emt 0:01:24]} Nxd5 {[%emt 0:01:32]} 17. g3 {[%emt 0:07:42]} f5 {[%emt 0:11:10]} 18. Rce1 {[%emt 0:08:17]} Rf6 {[%emt 0:07:57]} 19. Bc1 {[%emt 0:00:33]} (19. f3 $1 $11) 19... h6 {[%emt 0:00:09]} 20. f4 {[%emt 0:04:23]} ({Better is} 20. Bd2 $15) 20... Nb4 {[%emt 0:00:50]} ({Black should play} 20... Nc3 $17 21. Qe3 Nxa2) 21. Bb1 {[%emt 0:00:44]} Bxe5 {[%emt 0:04:24]} 22. dxe5 {[%emt 0:05:17] [#]} Rf7 $1 {[%emt 0:04:44]} 23. Qd2 $2 {[%emt 0:05:47] [#]} (23. Rd1 $17 Qb6+ 24. Be3) 23... Qb6+ $1 {[%emt 0:00:31]} 24. Rf2 {[%emt 0:01:41] [#]} a5 $2 {[%emt 0:04:38]} (24... Qc6 $1 $19 {[%csl Gb7][%cal Rc6h1]} 25. Kf1 Rd7 26. Qxb4 a5) 25. Qd6 {[%emt 0:02:41]} Qxd6 {[%emt 0:00:45]} (25... Qd8 $11) 26. exd6 {[%emt 0:00:05]} Bd5 {[%emt 0:00:03]} 27. Bb2 {[%emt 0:05:26]} Rd8 {[%emt 0:07:40] [#]} 28. Be5 $1 {[%emt 0:00:31]} Rb7 {[%emt 0:02:42]} 29. Rc1 {[%emt 0:01:41]} Nc6 {[%emt 0:01:02]} (29... g6 $16 30. Rd2 Kf7) 30. Rd2 {[%emt 0:04:32]} Na7 {[%emt 0:04:07] [#]} (30... Rb6 {is a better defense.} 31. Bxf5 a4 32. bxa4 bxa4) 31. Bxf5 $1 {[%emt 0:02:11]} Kf7 {[%emt 0:05:27]} 32. Bh3 {[%emt 0:02:14]} g5 {[%emt 0:02:00]} 33. Kf2 {[%emt 0:07:02]} b4 $18 {[%emt 0:01:13]} 34. Bf1 {[%emt 0:09:19]} Nc8 {[%emt 0:04:49]} 35. Ba6 {[%emt 0:01:08]} Rb8 {[%emt 0:00:04]} 36. d7 {[%emt 0:00:37]} 1-0

[Event "110th Anniversary WIM 2020"]
[Site "Hilleroed"]
[Date "2020.02.15"]
[Round "9.3"]
[White "Kejzar, Petra"]
[Black "Stanford, Sheila Barth"]
[Result "0-1"]
[WhiteElo "2072"]
[BlackElo "2145"]
[Annotator "ChessBase"]
[PlyCount "78"]
[EventDate "2020.02.08"]
[EventType "tourn"]
[EventCountry "DEN"]
[SourceTitle "playchess.com"]
[Source "ChessBase"]
[SourceQuality "1"]
[TimeControl "40/5400+30:1800+30"]

1. d4 {[%emt 0:00:00]} Nf6 {[%emt 0:00:23]} 2. Nc3 {[%emt 0:00:00]} d5 {[%emt 0:00:30]} 3. Bf4 {[%emt 0:00:00]} Bf5 {[%emt 0:00:59]} 4. e3 {[%emt 0:00:00]} c6 {[%emt 0:00:39]} 5. f3 {[%emt 0:00:18]} h5 {[%emt 0:02:10]} 6. Bd3 {[%emt 0:03:04]} Bxd3 {[%emt 0:04:50]} 7. Qxd3 {[%emt 0:00:08]} e6 {[%emt 0:00:13]} 8. e4 {[%emt 0:02:49]} Be7 {[%emt 0:09:12]} 9. Nge2 {[%emt 0:01:21]} dxe4 {[%emt 0:02:48]} 10. fxe4 {[%emt 0:00:37]} Nbd7 {[%emt 0:00:07]} 11. O-O-O {[%emt 0:03:13]} Qa5 {[%emt 0:05:35]} 12. Kb1 {[%emt 0:03:19]} O-O-O {[%emt 0:08:09]} 13. h3 {[%emt 0:04:56]} h4 {[%emt 0:08:27]} 14. Bh2 {[%emt 0:03:26]} e5 {[%emt 0:06:54]} 15. Qf3 {[%emt 0:03:42]} Bd6 {[%emt 0:05:33]} 16. Rhf1 {[%emt 0:13:00]} Rde8 {[%emt 0:02:41]} 17. d5 {[%emt 0:05:11]} c5 {[%emt 0:02:44]} 18. Qd3 {[%emt 0:00:10]} a6 {[%emt 0:01:08]} 19. Ng1 {[%emt 0:04:10]} Rh6 {[%emt 0:07:58]} 20. Nf3 {[%emt 0:00:41]} Qc7 {[%emt 0:01:46]} 21. Rde1 {[%emt 0:03:27]} c4 {[%emt 0:07:55]} 22. Qe2 {[%emt 0:00:51]} Bb4 {[%emt 0:02:01]} 23. Bg1 {[%emt 0:07:01]} Nh5 {[%emt 0:02:51]} 24. Bh2 {[%emt 0:11:11]} Rb6 {[%emt 0:04:36]} 25. Ka1 {[%emt 0:01:05]} Bxc3 {[%emt 0:01:19]} 26. bxc3 {[%emt 0:00:04]} Nf4 {[%emt 0:00:40]} 27. Qd2 {[%emt 0:02:06]} f6 {[%emt 0:00:51]} 28. Nxh4 {[%emt 0:01:02]} Rb5 {[%emt 0:01:37]} 29. Rb1 {[%emt 0:02:06]} Nc5 {[%emt 0:01:00]} 30. Rfe1 {[%emt 0:04:23]} Rxb1+ {[%emt 0:02:46]} 31. Kxb1 {[%emt 0:00:35]} Na4 {[%emt 0:00:06]} 32. Ka1 {[%emt 0:04:53]} Qa5 {[%emt 0:00:30]} 33. Rb1 {[%emt 0:04:40]} Nxc3 {[%emt 0:00:35]} 34. Rb2 {[%emt 0:00:07]} Nfe2 {[%emt 0:04:38]} 35. Nf5 {[%emt 0:00:50]} Rd8 {[%emt 0:00:10]} 36. d6 {[%emt 0:01:57]} Qa3 {[%emt 0:02:48]} 37. Ne7+ {[%emt 0:01:19]} Kd7 {[%emt 0:00:02]} 38. Rxb7+ {[%emt 0:01:03]} Ke6 {[%emt 0:00:39]} 39. Rb2 {[%emt 0:00:28]} Rb8 {[%emt 0:00:23]} 0-1

[Event "110th Anniversary WIM 2020"]
[Site "Hilleroed"]
[Date "2020.02.15"]
[Round "9.4"]
[White "Berke, Ana"]
[Black "Miturova, Magdalena"]
[Result "1/2-1/2"]
[WhiteElo "2152"]
[BlackElo "2185"]
[Annotator "ChessBase"]
[PlyCount "100"]
[EventDate "2020.02.08"]
[EventType "tourn"]
[EventCountry "DEN"]
[SourceTitle "playchess.com"]
[Source "ChessBase"]
[SourceQuality "1"]
[TimeControl "40/5400+30:1800+30"]

1. d4 {[%emt 0:00:00]} Nf6 {[%emt 0:00:00]} 2. Bf4 {[%emt 0:00:00]} e6 {[%emt 0:00:00]} 3. e3 {[%emt 0:00:00]} d5 {[%emt 0:00:08]} 4. c3 {[%emt 0:00:00]} Bd6 {[%emt 0:00:38]} 5. Bg3 {[%emt 0:00:01]} O-O {[%emt 0:01:44]} 6. Nd2 {[%emt 0:00:11]} c5 {[%emt 0:05:06]} 7. Ngf3 {[%emt 0:00:14]} Nc6 {[%emt 0:00:27]} 8. Bd3 {[%emt 0:00:17]} b6 {[%emt 0:01:30]} 9. e4 {[%emt 0:00:44]} Be7 {[%emt 0:01:19]} 10. Ne5 {[%emt 0:09:58]} Bb7 {[%emt 0:27:35]} 11. Nxc6 {[%emt 0:09:15]} Bxc6 {[%emt 0:00:11]} 12. e5 {[%emt 0:00:45]} Ne4 {[%emt 0:00:13]} 13. Qe2 {[%emt 0:05:39]} cxd4 {[%emt 0:02:39]} 14. cxd4 {[%emt 0:02:41]} Bb4 {[%emt 0:06:16]} 15. Bxe4 {[%emt 0:01:42]} dxe4 {[%emt 0:00:29]} 16. a3 {[%emt 0:06:59]} Bxd2+ {[%emt 0:00:58]} 17. Qxd2 {[%emt 0:00:28]} Bb5 {[%emt 0:00:16]} 18. f3 {[%emt 0:18:52]} Qd5 {[%emt 0:08:45]} 19. Qe3 {[%emt 0:02:13]} exf3 {[%emt 0:02:25]} 20. gxf3 {[%emt 0:01:18]} Rac8 {[%emt 0:02:02]} 21. Kd2 {[%emt 0:15:05]} Rc4 {[%emt 0:08:36]} 22. Bf2 {[%emt 0:00:12]} Rfc8 {[%emt 0:02:10]} 23. Rhc1 {[%emt 0:03:45]} Qc6 {[%emt 0:01:07]} 24. Rc3 {[%emt 0:01:26]} Rxc3 {[%emt 0:03:23]} 25. Qxc3 {[%emt 0:01:03]} Qd7 {[%emt 0:01:31]} 26. Qe3 {[%emt 0:00:47]} Ba6 {[%emt 0:07:18]} 27. Rc1 {[%emt 0:01:05]} Qb5 {[%emt 0:04:34]} 28. Rxc8+ {[%emt 0:01:55]} Bxc8 {[%emt 0:00:06]} 29. b3 {[%emt 0:02:20]} Bb7 {[%emt 0:04:34]} 30. Kc2 {[%emt 0:02:49]} Qf1 {[%emt 0:00:46]} 31. Kb2 {[%emt 0:01:28]} Qg2 {[%emt 0:02:50]} 32. h4 {[%emt 0:01:23]} Bxf3 {[%emt 0:01:33]} 33. a4 {[%emt 0:00:13]} h6 {[%emt 0:01:34]} 34. Ka3 {[%emt 0:04:38]} Bd5 {[%emt 0:00:44]} 35. Kb2 {[%emt 0:01:35]} Qf1 {[%emt 0:00:58]} 36. Qe1 {[%emt 0:02:11]} Qd3 {[%emt 0:00:40]} 37. Qe3 {[%emt 0:00:24]} Qd1 {[%emt 0:00:26]} 38. Bg3 {[%emt 0:01:53]} Qh1 {[%emt 0:01:04]} 39. Bf2 {[%emt 0:01:07]} Be4 {[%emt 0:01:52]} 40. Qe1 {[%emt 0:00:10]} Qg2 {[%emt 0:00:19]} 41. Ka3 {[%emt 0:31:38]} Bd5 {[%emt 0:06:31]} 42. Kb2 {[%emt 0:00:00]} a5 {[%emt 0:04:59]} 43. Qe3 {[%emt 0:00:00]} Qf1 {[%emt 0:00:47]} 44. Qe1 {[%emt 0:00:00]} Qd3 {[%emt 0:03:55]} 45. Qe3 {[%emt 0:00:00]} Qd1 {[%emt 0:02:46]} 46. Bg3 {[%emt 0:00:00]} b5 {[%emt 0:10:01]} 47. axb5 {[%emt 0:00:00]} Qf1 {[%emt 0:00:13]} 48. Qc3 {[%emt 0:00:00]} Be4 {[%emt 0:02:28]} 49. b6 {[%emt 0:00:00]} Qb5 {[%emt 0:01:05]} 50. Qc5 {[%emt 0:00:00]} Qd3 {[%emt 0:00:25]} 1/2-1/2

[Event "110th Anniversary WIM 2020"]
[Site "Hilleroed"]
[Date "2020.02.15"]
[Round "9.5"]
[White "Nilssen, Ellen Fredericia"]
[Black "Guindy, Esmat Susanne"]
[Result "1-0"]
[WhiteElo "2065"]
[BlackElo "2143"]
[Annotator "ChessBase"]
[PlyCount "95"]
[EventDate "2020.02.08"]
[EventType "tourn"]
[EventCountry "DEN"]
[SourceTitle "playchess.com"]
[Source "ChessBase"]
[SourceQuality "1"]
[TimeControl "40/5400+30:1800+30"]

1. e4 {[%emt 0:00:00]} e6 {[%emt 0:00:00]} 2. d4 {[%emt 0:00:00]} d5 {[%emt 0:00:00]} 3. exd5 {[%emt 0:00:00]} exd5 {[%emt 0:00:00]} 4. Nf3 {[%emt 0:00:00]} Bd6 {[%emt 0:01:45]} 5. c4 {[%emt 0:00:08]} c6 {[%emt 0:00:55]} 6. Nc3 {[%emt 0:02:18]} Nf6 {[%emt 0:04:38]} 7. c5 {[%emt 0:00:07]} Bc7 {[%emt 0:00:06]} 8. Bd3 {[%emt 0:00:05]} b6 {[%emt 0:04:21]} 9. cxb6 {[%emt 0:01:07]} axb6 {[%emt 0:00:16]} 10. O-O {[%emt 0:00:09]} O-O {[%emt 0:01:29]} 11. Bg5 {[%emt 0:00:15]} Ba6 {[%emt 0:05:21]} 12. Re1 {[%emt 0:03:01]} Qd6 {[%emt 0:17:37]} 13. Bh4 {[%emt 0:04:27]} Bxd3 {[%emt 0:09:08]} 14. Qxd3 {[%emt 0:02:05]} Ra7 {[%emt 0:01:32]} 15. a3 {[%emt 0:09:01]} h6 {[%emt 0:11:18]} 16. Rac1 {[%emt 0:04:30]} Rc8 {[%emt 0:03:38]} 17. Ne5 {[%emt 0:14:30]} Nfd7 {[%emt 0:04:51]} 18. Qf5 {[%emt 0:07:44]} Rf8 {[%emt 0:07:13]} 19. Bg3 {[%emt 0:02:01]} Nxe5 {[%emt 0:00:09]} 20. Bxe5 {[%emt 0:00:06]} Qd8 {[%emt 0:00:59]} 21. Na2 {[%emt 0:13:05]} Bxe5 {[%emt 0:01:37]} 22. Qxe5 {[%emt 0:00:23]} Rd7 {[%emt 0:03:26]} 23. Nb4 {[%emt 0:03:37]} Rd6 {[%emt 0:01:43]} 24. Qe7 {[%emt 0:07:28]} Qxe7 {[%emt 0:00:28]} 25. Rxe7 {[%emt 0:00:02]} Rc8 {[%emt 0:00:14]} 26. h3 {[%emt 0:07:12]} c5 {[%emt 0:02:52]} 27. Rb7 {[%emt 0:12:17]} Nd7 {[%emt 0:02:30]} 28. Nd3 {[%emt 0:00:14]} Rd8 {[%emt 0:07:07]} 29. Rc7 {[%emt 0:05:02]} c4 {[%emt 0:01:47]} 30. Nb4 {[%emt 0:00:14]} Nf6 {[%emt 0:01:14]} 31. Re1 {[%emt 0:00:07]} R6d7 {[%emt 0:02:18]} 32. Rc6 {[%emt 0:02:01]} Rd6 {[%emt 0:01:34]} 33. Re7 {[%emt 0:00:04]} Rxc6 {[%emt 0:00:37]} 34. Nxc6 {[%emt 0:00:01]} Rd6 {[%emt 0:02:05]} 35. Ne5 {[%emt 0:00:17]} Re6 {[%emt 0:00:11]} 36. Rb7 {[%emt 0:00:52]} Ne4 {[%emt 0:00:28]} 37. Rb8+ {[%emt 0:00:43]} Kh7 {[%emt 0:00:11]} 38. Nxf7 {[%emt 0:00:04]} Nd2 {[%emt 0:01:45]} 39. Rh8+ {[%emt 0:01:46]} Kg6 {[%emt 0:00:04]} 40. Ne5+ {[%emt 0:00:07]} Kg5 {[%emt 0:01:50]} 41. Rg8 {[%emt 0:05:39]} g6 {[%emt 0:00:46]} 42. Rf8 {[%emt 0:07:17]} h5 {[%emt 0:02:34]} 43. Nf7+ {[%emt 0:05:14]} Kf5 {[%emt 0:03:20]} 44. Nd8+ {[%emt 0:00:06]} Rf6 {[%emt 0:00:20]} 45. g4+ {[%emt 0:00:13]} hxg4 {[%emt 0:00:22]} 46. hxg4+ {[%emt 0:00:10]} Kg5 {[%emt 0:00:31]} 47. f4+ {[%emt 0:00:07]} Rxf4 {[%emt 0:00:20]} 48. Ne6+ {[%emt 0:00:06]} 1-0